Les films de Jean Gabin - plusieurs possibilités - Statistiques

Statistiques générales
  • Ce quiz a été pris 34 fois
  • Le résultat moyen est 9 sur 21
Statistiques - réponses
Initiale Film(s) % Correct
C Chacun sa chance | Coeurs joyeux | Coeur de lilas | Chiens perdus sans collier | Crime et Châtiment | Le cas du Docteur Laurent | Le cave se rebiffe | Le clan des Siciliens | Le Chat
86%
P Paris Béguin | Pour un soir | Pépé le Moko | La Péniche de l'amour | Pour l'amour du ciel | Le Plaisir | Le port du désir | Le Président | Le Pacha
76%
T Tout ça ne vaut pas l'amour | Le Tunnel | Touchez pas au grisbi | La Traversée de Paris | Le Tonnerre de Dieu | Le Tatoué | Le Tueur
69%
B La Belle marinière | La Bandera | La Belle équipe | Les Bas-fonds | La Bête humaine | Le baron de l'écluse
62%
M Méphisto | Marie Chapdelaine | Le Messager | Martin Roumagnac | Miroir | La Marie du port | La minute de vérité | Les Misérables | Maigret tend un piège | Maigret et l'Affaire Saint-Fiacre | Mélodie en sous-sol | Maigret voit rouge | Monsieur
62%
Q Le Quai des brumes
59%
A Adieu les beaux jours | Au-delà des grilles | L'Air de Paris | Archimède le Clochard | L'Age ingrat | L'Affaire Dominici | L'année sainte
55%
G Gloria | Les gaités de l'escadron | Golgotha | La Grande illusion | Gueule d'amour | Gas-oil | Des gens sans importance | Les Grandes familles | Le gentleman d'Epsom
55%
S Le sang à la tête | Un singe en hiver | Le soleil des voyous | Sous le signe du taureau
55%
V Variétés | Victor | La vérité sur Bébé Donge | La Vierge du Rhin | Voici le temps des assassins | Les vieux de la vieille | Verdict
52%
R Le Récif de corail | Remorques | Razzia sur la chnouf | Le Rouge est mis | Rue des Prairies | Du rififi à Paname
45%
J Le jour se lève | Le jardinier d'Argenteuil
41%
H La Horse
34%
D Du haut en bas | Le Désordre et la Nuit | Le drapeau noir | Deux hommes dans la ville
31%
F La Foule hurle | Fille dangereuse | French cancan
24%
E L'Etoile de Valencia | En cas de malheur
24%
N La nuit est mon royaume | Napoléon
17%
Z Zouzou
10%
L La Loi, c'est la loi | Leur dernière nuit
3%
O On purge bébé | L'Ordonnance | On demande un assassin
0%
U Un de la Légion | Uniformes et grandes manoeuvres
0%
Aucun quiz correspondant
Distribution des résultats
% des personnes avec chaque résultat
Percentile par nombre de réponses
Votre historique - résultats
Vous n’avez pas pris ce quiz